| 000 | 00399pab a2200157 454500 | ||
|---|---|---|---|
| 008 | 180718b2005 xxu||||| |||| 00| 0 eng d | ||
| 100 | _aRani, N. Jhansi | ||
| 245 | _aImpact of yoga training on body image and depression | ||
| 260 | _c2005 | ||
| 300 | _ap.98-100. | ||
| 362 | _aJan | ||
| 650 | _aYoga training | ||
| 700 | _aRao, P.V. Krishna | ||
| 773 | _aPsychological Studies | ||
| 909 | _a65287 | ||
| 999 |
_c65287 _d65287 |
||